000 00995naa a2200229 a 4500
001 79374
003 BD-RjUL
005 20220214123319.0
008 220214s1997 su adf|| |||| 001 0 ara d
020 _a9981261270
035 _a(BD-RjUL)79374
040 _aBD-RjUL
_beng
_cBD-RjUL
041 _aara
082 _223
_a916.4
_bTAQ 1997
100 _aTazi, Abdelhadi =التازي، عبدالهادي
_91318
245 1 4 _aالقدس والخليل في الرحلات المغربية : رحلة ابن عثمان نموذجا ;; al-Quds and Hebron in Moroccan Travels : ibn Otoman's Travel as an example /
_bAbdelhadi Tazi ;; عبد الهادي التازي
260 _aRibath :
_bal-Munazzamat Islamiyah li-Tarbiyah wa Ulum wa Thaqafah, = Islamic Educational , Scientific and Cultural organization,[ ISESCO]
_c1997
300 _a109 pages :
_bill. ;
_c27 cm
650 _aJerusalem
_vDescription and travel.
_91319
650 _a Morocco
_vDescription and travel.
_91320
942 _2ddc
_cBK
999 _c79374
_d79374